[Event "Arber op 4th"]
[Site "Bayerisch Eisenstein"]
[Date "2015.08.05"]
[Round "5"]
[White "Herbold, Manfred"]
[Black "Lindenberg, Georg"]
[Result "1/2-1/2"]
[WhiteElo "2106"]
[BlackElo "2146"]
[PlyCount "41"]
[EventDate "2015.08.01"]
[EventType "swiss"]
[EventRounds "9"]
[EventCountry "GER"]
[SourceTitle "EXT 2016"]
[Source "ChessBase"]
[SourceDate "2015.10.08"]
[SourceVersion "1"]
[SourceVersionDate "2015.10.08"]
[SourceQuality "1"]

1. e4 e5 2. Nf3 Nc6 3. d4 exd4 4. c3 d5 5. exd5 Qxd5 6. cxd4 Bg4 7. Be2 Bb4+ 8. Nc3 Bxf3 9. Bxf3 Qc4 10. Bxc6+ bxc6 11. Qe2+ Qxe2+ 12. Kxe2 Ne7 13. Be3 Kd7 14. Kd3 Rhb8 15. Rab1 Bd6 16. Rhc1 Nd5 17. Nxd5 cxd5 18. Bd2 Rb7 19. Re1 Re8 20. Rxe8 Kxe8 21. b3 1/2-1/2

[Event "Arber op 4th"]
[Site "Bayerisch Eisenstein"]
[Date "2015.08.04"]
[Round "4"]
[White "Lindenberg, Georg"]
[Black "Kottmair, Toni"]
[Result "1-0"]
[WhiteElo "2146"]
[BlackElo "2215"]
[PlyCount "97"]
[EventDate "2015.08.01"]
[EventType "swiss"]
[EventRounds "9"]
[EventCountry "GER"]
[SourceTitle "EXT 2016"]
[Source "ChessBase"]
[SourceDate "2015.10.08"]
[SourceVersion "1"]
[SourceVersionDate "2015.10.08"]
[SourceQuality "1"]

1. c4 e5 2. g3 Nf6 3. Bg2 d5 4. cxd5 Nxd5 5. Nc3 Nb6 6. Nf3 Nc6 7. 0-0 Be7 8. a3 0-0 9. b4 a6 10. d3 Be6 11. Rb1 f6 12. Bd2 g5 13. Ne4 Nd7 14. Bc3 g4 15. Nfd2 Nd4 16. Bxd4 exd4 17. Nb3 Bxb3 18. Qxb3+ Kh8 19. Qd5 Ne5 20. Qxb7 Rb8 21. Qxa6 Ra8 22. Qe6 Rxa3 23. Rfc1 Ra8 24. Nc5 Rb8 25. Nb7 Qe8 26. Rxc7 Rf7 27. b5 Bf8 28. Qxe8 Rxe8 29. Rxf7 Nxf7 30. Kf1 Rc8 31. Be4 Ne5 32. b6 Kg7 33. Na5 Rc5 34. b7 Bd6 35. Nc4 Bb8 36. Nb6 Kf7 37. Bxh7 Ke6 38. Nc4 Nd7 39. Be4 f5 40. Bg2 f4 41. Be4 Rh5 42. Kg2 Rc5 43. Ra1 Rh5 44. Ra6+ Ke7 45. Na5 Rh8 46. Nc6+ Kf7 47. Nxd4 fxg3 48. hxg3 Nc5 49. Ra8 1-0

[Event "Arber op 4th"]
[Site "Bayerisch Eisenstein"]
[Date "2015.08.01"]
[Round "1"]
[White "Simacek, Vaclav"]
[Black "Lindenberg, Georg"]
[Result "1-0"]
[WhiteElo "1806"]
[BlackElo "2146"]
[PlyCount "78"]
[EventDate "2015.08.01"]
[EventType "swiss"]
[EventRounds "9"]
[EventCountry "GER"]
[SourceTitle "EXT 2016"]
[Source "ChessBase"]
[SourceDate "2015.10.08"]
[SourceVersion "1"]
[SourceVersionDate "2015.10.08"]
[SourceQuality "1"]

1. e4 e5 2. Nc3 Nc6 3. Bc4 Nf6 4. f4 Nxe4 5. Bxf7+ Kxf7 6. Nxe4 d5 7. Ng5+ Kg6 8. N1f3 h6 9. Nh4+ Kf6 10. Qh5 hxg5 11. fxg5+ Ke6 12. Qxh8 Qxg5 13. 0-0 Be7 14. Nf5 Bf6 15. Qg8+ Kd7 16. Qxd5+ Ke8 17. Qg8+ Kd7 18. d4 Qg6 19. dxe5 Bxe5 20. Be3 Ne7 21. Rad1+ Bd6 22. Qxg7 Qxg7 23. Nxg7 Kc6 24. h4 Nd5 25. Bg5 Bg4 26. Rde1 Rh8 27. Ne6 Bh5 28. c4 Nb4 29. c5 Nd3 30. cxd6 Nxe1 31. Rxe1 cxd6 32. Nf4 Bg4 33. Re7 d5 34. Kf2 d4 35. Ke1 Bf5 36. Kd2 a5 37. g3 b5 38. Bf6 Rc8 39. Bxd4 a4 1-0

[Event "Oberliga Bayern 1112"]
[Site "Bayern"]
[Date "2012.02.26"]
[Round "7.8"]
[White "Lindenberg, Georg"]
[Black "Beck, Alexander1111"]
[Result "1/2-1/2"]
[WhiteElo "2133"]
[BlackElo "2073"]
[PlyCount "85"]
[EventDate "2011.10.02"]
[EventType "team-tourn"]
[EventRounds "9"]
[EventCountry "GER"]
[SourceTitle "EXT 2015"]
[Source "ChessBase"]
[SourceDate "2014.11.20"]
[SourceVersion "1"]
[SourceVersionDate "2014.11.20"]
[SourceQuality "1"]
[WhiteTeam "Pang/Rosenheim"]
[BlackTeam "MSA Zugzwang"]
[WhiteTeamCountry "GER"]
[BlackTeamCountry "GER"]

1. e4 e6 2. d4 d5 3. Nd2 Nf6 4. e5 Nfd7 5. c3 c5 6. f4 Nc6 7. Ndf3 cxd4 8. cxd4 Bb4+ 9. Kf2 0-0 10. a3 Be7 11. Kg3 a5 12. b3 f5 13. Bd3 Nb6 14. Ne2 a4 15. b4 Bd7 16. Nc3 Na7 17. Be3 Rc8 18. Rc1 Qe8 19. Nd2 Nb5 20. Nxb5 Bxb5 21. Rxc8 Nxc8 22. Bxb5 Qxb5 23. Qf1 Qc6 24. Qc1 Na7 25. Qxc6 bxc6 26. Nf3 Nb5 27. Bc1 Kf7 28. Bb2 h6 29. Rc1 Rc8 30. Ne1 g5 31. Nd3 Ke8 32. Kf3 gxf4 33. Rc2 Kd7 34. Nxf4 Rg8 35. g3 Bd8 36. h3 Bg5 37. Nd3 Be7 38. Nf4 Bg5 39. Nd3 Be7 40. Rg2 Rf8 41. Nf4 Bg5 42. Nd3 Be7 43. Nf4 1/2-1/2

[Event "Oberliga Bayern 1011"]
[Site "Germany"]
[Date "2011.03.20"]
[Round "8.8"]
[White "Lindenberg, Georg"]
[Black "Steinmueller, Alexander"]
[Result "1/2-1/2"]
[WhiteElo "2107"]
[BlackElo "1952"]
[PlyCount "55"]
[EventDate "2010.10.10"]
[EventType "team-tourn"]
[EventRounds "9"]
[EventCountry "GER"]
[SourceTitle "EXT 2012"]
[Source "ChessBase"]
[SourceDate "2011.11.24"]
[SourceVersion "1"]
[SourceVersionDate "2011.11.24"]
[SourceQuality "1"]
[WhiteTeam "Pang/Rosenheim"]
[BlackTeam "Puschendorf"]
[WhiteTeamCountry "GER"]
[BlackTeamCountry "GER"]

1. e4 e6 2. d4 d5 3. Nd2 Nc6 4. c3 e5 5. exd5 Qxd5 6. Ngf3 exd4 7. Bc4 Qf5 8. 0-0 Be6 9. Bxe6 fxe6 10. Nxd4 Nxd4 11. cxd4 0-0-0 12. Qa4 Kb8 13. Nf3 Bd6 14. Be3 Qd5 15. Rac1 Ne7 16. Qc4 Qf5 17. a4 Rhf8 18. Bg5 Rde8 19. Bh4 Nd5 20. Bg3 Nf4 21. Ne5 Re7 22. a5 a6 23. Rfe1 Nd5 24. Nd3 Nf4 25. Nxf4 Bxf4 26. Bxf4 Qxf4 27. f3 Qg5 28. Re5 1/2-1/2

[Event "Oberliga Bayern 1011"]
[Site "Germany"]
[Date "2011.02.27"]
[Round "7.8"]
[White "Haubold, Martin"]
[Black "Lindenberg, Georg"]
[Result "1-0"]
[WhiteElo "2080"]
[BlackElo "2107"]
[PlyCount "85"]
[EventDate "2010.10.10"]
[EventType "team-tourn"]
[EventRounds "9"]
[EventCountry "GER"]
[SourceTitle "EXT 2012"]
[Source "ChessBase"]
[SourceDate "2011.11.24"]
[SourceVersion "1"]
[SourceVersionDate "2011.11.24"]
[SourceQuality "1"]
[WhiteTeam "Nuernberg NT"]
[BlackTeam "Pang/Rosenheim"]
[WhiteTeamCountry "GER"]
[BlackTeamCountry "GER"]

1. d4 d5 2. Bg5 c6 3. e3 Bf5 4. Nf3 h6 5. Bh4 Qb6 6. Qc1 e6 7. Be2 c5 8. dxc5 Bxc5 9. 0-0 Nd7 10. c4 dxc4 11. Qxc4 Qxb2 12. Nc3 Qb4 13. Qxb4 Bxb4 14. Nb5 Kf8 15. Rac1 g5 16. Bg3 Be4 17. Rc4 Bxf3 18. Bxf3 Ba5 19. Bxb7 Re8 20. Nxa7 Ngf6 21. Nc6 Bb6 22. Rd1 Kg7 23. Ne5 Nc5 24. Bf3 Rd8 25. Rb1 Nfd7 26. Nxd7 Nxd7 27. Rc6 Rc8 28. Rd6 Rhd8 29. h4 Bc7 30. Rd2 Bxg3 31. fxg3 Ne5 32. Rxd8 Rxd8 33. a4 Nxf3+ 34. gxf3 Rd3 35. Ra1 Rxe3 36. Kf2 Rc3 37. a5 Rc7 38. a6 Ra7 39. hxg5 hxg5 40. Ke3 e5 41. Ke4 Kf6 42. Kd5 Kf5 43. Ra4 1-0

[Event "Regionalliga SO 1011"]
[Site "Bayern"]
[Date "2010.11.14"]
[Round "3.1"]
[White "Krstic, Petar"]
[Black "Lindenberg, Georg"]
[Result "1/2-1/2"]
[WhiteElo "2282"]
[BlackElo "2102"]
[PlyCount "124"]
[EventDate "2010.10.10"]
[EventType "team-tourn"]
[EventRounds "9"]
[EventCountry "GER"]
[SourceTitle "EXT 2012"]
[Source "ChessBase"]
[SourceDate "2011.11.24"]
[SourceVersion "1"]
[SourceVersionDate "2011.11.24"]
[SourceQuality "1"]
[WhiteTeam "Deggendorf"]
[BlackTeam "Pang/Rosenheim II"]
[WhiteTeamCountry "GER"]
[BlackTeamCountry "GER"]

1. e4 e5 2. Nf3 Nc6 3. Bb5 a6 4. Bxc6 dxc6 5. 0-0 Bg4 6. h3 h5 7. d3 Qf6 8. Nbd2 Ne7 9. c3 Ng6 10. d4 Nf4 11. dxe5 Qg6 12. Nh4 Bxd1 13. Nxg6 Ne2+ 14. Kh2 fxg6 15. Rxd1 0-0-0 16. b3 Bc5 17. Bb2 Bxf2 18. Nf3 Bg3+ 19. Kh1 Bf4 20. Re1 Ng3+ 21. Kg1 Rde8 22. Bc1 Rhf8 23. Ba3 Rf7 24. Rad1 Bxe5 25. Rd3 Bf4 26. e5 Rd7 27. Rxd7 Kxd7 28. c4 Nf5 29. g4 hxg4 30. hxg4 Nh6 31. Re4 g5 32. Bb2 Nxg4 33. Kg2 Ne3+ 34. Kg1 c5 35. Bc1 Ng4 36. Bxf4 gxf4 37. Kf1 g5 38. Nxg5 Rxe5 39. Rxe5 Nxe5 40. Kf2 a5 41. Ne4 b6 42. Nf6+ Kc6 43. Ke2 a4 44. Nd5 f3+ 45. Ke3 axb3 46. axb3 b5 47. Nc3 b4 48. Ne4 Kd7 49. Nxc5+ Ke7 50. Na6 Kf6 51. Nxc7 Kf5 52. Nd5 Kg4 53. Nf6+ Kg3 54. Ne4+ Kg2 55. c5 Nc6 56. Nf2 Na5 57. Nd3 Nxb3 58. c6 Na5 59. c7 Nc4+ 60. Kd4 Nd6 61. Kc5 Nc8 62. Kxb4 f2 1/2-1/2

[Event "Oberliga Bayern 0910"]
[Site "Bayern"]
[Date "2010.04.11"]
[Round "9.8"]
[White "Lindenberg, Georg"]
[Black "Ulusoy, Tolga"]
[Result "1-0"]
[WhiteElo "2102"]
[BlackElo "1973"]
[PlyCount "61"]
[EventDate "2009.10.18"]
[EventType "team-tourn"]
[EventRounds "9"]
[EventCountry "GER"]
[SourceTitle "EXT 2011"]
[Source "ChessBase"]
[SourceDate "2010.11.26"]
[SourceVersion "1"]
[SourceVersionDate "2010.11.26"]
[SourceQuality "1"]
[WhiteTeam "Pang/Rosenheim"]
[BlackTeam "Nuernberg NT II"]
[WhiteTeamCountry "GER"]
[BlackTeamCountry "GER"]

1. e4 c5 2. Nf3 d6 3. Bb5+ Nd7 4. d4 cxd4 5. Qxd4 a6 6. Bxd7+ Qxd7 7. Nc3 Nf6 8. Bg5 h6 9. Bxf6 gxf6 10. Nd5 Qc6 11. Qd3 Be6 12. Nd4 Qc5 13. b4 Qc8 14. Nb6 Qd8 15. Nxa8 Qxa8 16. Nxe6 fxe6 17. Qc4 Kd7 18. b5 Bg7 19. bxa6 bxa6 20. Rb1 Rc8 21. Qa4+ Kd8 22. 0-0 f5 23. exf5 exf5 24. Rb6 a5 25. Rb5 Qc6 26. Qxa5+ Ke8 27. Rxf5 Qxc2 28. Qd5 Be5 29. Qg8+ Kd7 30. Qg4 Rc4 31. Rf4+ 1-0

[Event "Regionalliga SO 0708"]
[Site "Bayern"]
[Date "2008.04.20"]
[Round "9.1"]
[White "Zenker, Ulrich"]
[Black "Lindenberg, Georg"]
[Result "1/2-1/2"]
[WhiteElo "2204"]
[BlackElo "2086"]
[PlyCount "27"]
[EventDate "2007.10.21"]
[EventType "team-tourn"]
[EventRounds "9"]
[EventCountry "GER"]
[SourceTitle "EXT 2009"]
[Source "ChessBase"]
[SourceDate "2008.11.26"]
[SourceVersion "1"]
[SourceVersionDate "2008.11.26"]
[SourceQuality "1"]
[WhiteTeam "Ebersberg"]
[BlackTeam "Pang/Rosenheim II"]
[WhiteTeamCountry "GER"]
[BlackTeamCountry "GER"]

1. e4 c5 2. c3 Nf6 3. e5 Nd5 4. Nf3 d6 5. Bc4 e6 6. d4 cxd4 7. cxd4 Nc6 8. 0-0 Nb6 9. Bd3 Be7 10. Nc3 Nb4 11. Bb1 dxe5 12. dxe5 Qxd1 13. Rxd1 Bd7 14. Ng5 1/2-1/2

[Event "Oberliga Bayern 0708"]
[Site "Bayern"]
[Date "2008.03.09"]
[Round "7.6"]
[White "Lindenberg, Georg"]
[Black "Haag, Wolfgang"]
[Result "1/2-1/2"]
[WhiteElo "2056"]
[BlackElo "2154"]
[PlyCount "113"]
[EventDate "2007.10.21"]
[EventType "team-tourn"]
[EventRounds "9"]
[EventCountry "GER"]
[SourceTitle "EXT 2009"]
[Source "ChessBase"]
[SourceDate "2008.11.26"]
[SourceVersion "1"]
[SourceVersionDate "2008.11.26"]
[SourceQuality "1"]
[WhiteTeam "Pang/Rosenheim"]
[BlackTeam "Bamberg"]
[WhiteTeamCountry "GER"]
[BlackTeamCountry "GER"]

1. e4 c5 2. Nf3 d6 3. Bb5+ Bd7 4. Bxd7+ Nxd7 5. 0-0 Ngf6 6. Re1 e6 7. d4 cxd4 8. Qxd4 Qb6 9. Qxb6 Nxb6 10. b3 d5 11. exd5 Nbxd5 12. Bb2 Bb4 13. Nbd2 Bc3 14. Bxc3 Nxc3 15. Nb1 Rc8 16. Nxc3 Rxc3 17. Nd4 0-0 18. Rec1 Rfc8 19. Nb5 Rxc2 20. Rxc2 Rxc2 21. Nxa7 Ne4 22. f3 Nc3 23. a3 Kf8 24. b4 Ke7 25. a4 Rb2 26. a5 Kd7 27. b5 Nxb5 28. Nxb5 Rxb5 29. a6 bxa6 30. Rxa6 Ke7 31. Ra2 e5 32. Kf2 Rd5 33. Rb2 f5 34. g3 g5 35. h3 h5 36. Ra2 Ke6 37. Ra6+ Rd6 38. Ra2 Rb6 39. Ke2 Rc6 40. Kf2 Rc3 41. Ra6+ Kd5 42. Rf6 Rc2+ 43. Kf1 f4 44. gxf4 gxf4 45. Rf5 h4 46. Rh5 Kd4 47. Kg1 Rb2 48. Rf5 Ra2 49. Rh5 e4 50. fxe4 f3 51. Rb5 Kxe4 52. Rb8 Rg2+ 53. Kf1 Kf4 54. Rf8+ Kg3 55. Rg8+ Kxh3 56. Rxg2 fxg2+ 57. Kg1 1/2-1/2

[Event "GER-chT U20"]
[Site "Kelheim"]
[Date "2007.12.28"]
[Round "3.2"]
[White "Lindenberg, Georg"]
[Black "Hofmann, Annett"]
[Result "0-1"]
[WhiteElo "2083"]
[BlackElo "1962"]
[PlyCount "50"]
[EventDate "2007.12.27"]
[EventType "team-swiss"]
[EventRounds "7"]
[EventCountry "GER"]
[SourceTitle "EXT 2022"]
[Source "ChessBase"]
[SourceDate "2021.10.06"]
[SourceVersion "1"]
[SourceVersionDate "2021.10.06"]
[SourceQuality "1"]
[WhiteTeam "Pang/Rosenheim U20"]
[BlackTeam "Hettstedt U20"]
[WhiteTeamCountry "GER"]
[BlackTeamCountry "GER"]

1. e4 c5 2. Nf3 Nc6 3. Bb5 Na5 4. d4 cxd4 5. Nxd4 a6 6. Bd3 Qc7 7. 0-0 e6 8. Kh1 Bc5 9. Nb3 Nxb3 10. axb3 b5 11. Bxb5 Bb7 12. Bd3 Nf6 13. Qe2 h5 14. f3 h4 15. Bd2 Nh5 16. Be1 Ng3+ 17. Bxg3 hxg3 18. h3 Rh4 19. Rd1 Ke7 20. Qd2 Rah8 21. Bf1 Rxe4 22. Nc3 Re3 23. Re1 Rxf3 24. Ne4 Rxf1+ 25. Rxf1 Rxh3+ 0-1

[Event "GER-chT U20"]
[Site "Kelheim"]
[Date "2007.12.27"]
[Round "2.2"]
[White "Schneider, Christian"]
[Black "Lindenberg, Georg"]
[Result "1-0"]
[WhiteElo "1964"]
[BlackElo "2083"]
[PlyCount "67"]
[EventDate "2007.12.27"]
[EventType "team-swiss"]
[EventRounds "7"]
[EventCountry "GER"]
[SourceTitle "EXT 2022"]
[Source "ChessBase"]
[SourceDate "2021.10.06"]
[SourceVersion "1"]
[SourceVersionDate "2021.10.06"]
[SourceQuality "1"]
[WhiteTeam "Stadtilm Blau Weiss U20"]
[BlackTeam "Pang/Rosenheim U20"]
[WhiteTeamCountry "GER"]
[BlackTeamCountry "GER"]

1. Nc3 c5 2. e4 Nc6 3. f4 g6 4. Nf3 Bg7 5. d3 e6 6. g3 Nge7 7. Bg2 0-0 8. 0-0 d6 9. Be3 Nd4 10. Qd2 Qd7 11. Ne1 Rb8 12. Nd1 b6 13. c3 Ndc6 14. Nf3 Bb7 15. g4 f5 16. gxf5 exf5 17. h4 Na5 18. Qc2 c4 19. Nf2 cxd3 20. Qxd3 fxe4 21. Nxe4 Nf5 22. Bf2 Rbe8 23. Rae1 Qc7 24. Nd4 d5 25. Ng5 Nxd4 26. Bxd4 Rxe1 27. Rxe1 Qxf4 28. Rf1 Bxd4+ 29. cxd4 Qd6 30. Rxf8+ Qxf8 31. Qe3 h6 32. Qe6+ Kg7 33. Qd7+ Kf6 34. Nh7# 1-0

[Event "Landesliga Sued 0607"]
[Site "Bayern"]
[Date "2007.02.04"]
[Round "5.8"]
[White "Demel, Paul"]
[Black "Lindenberg, Georg"]
[Result "1/2-1/2"]
[WhiteElo "1949"]
[BlackElo "2047"]
[PlyCount "98"]
[EventDate "2006.10.15"]
[EventType "team-tourn"]
[EventRounds "9"]
[EventCountry "GER"]
[SourceTitle "EXT 2008"]
[Source "ChessBase"]
[SourceDate "2007.11.25"]
[SourceVersion "1"]
[SourceVersionDate "2007.11.25"]
[SourceQuality "1"]
[WhiteTeam "Kriegshaber"]
[BlackTeam "Pang/Rosenheim"]
[WhiteTeamCountry "GER"]
[BlackTeamCountry "GER"]

1. Nf3 d5 2. d4 Nf6 3. c4 c6 4. e3 a6 5. Nbd2 b5 6. cxd5 cxd5 7. Bd3 Bb7 8. 0-0 e6 9. a4 b4 10. a5 Bd6 11. Nb3 0-0 12. Bd2 Ne4 13. Qe2 f6 14. Rfc1 Nd7 15. Ne1 Qe7 16. f3 Nxd2 17. Qxd2 e5 18. Bf5 Rfb8 19. Nd3 exd4 20. exd4 Bc8 21. Re1 Qd8 22. Be6+ Kh8 23. Bxd5 Bb7 24. Bxb7 Rxb7 25. Rac1 Rb5 26. Qe2 h6 27. Ndc5 Nxc5 28. dxc5 Bc7 29. Red1 Qg8 30. Qc4 Bxa5 31. Nxa5 Rxa5 32. Qxb4 Rb5 33. Qd4 a5 34. c6 Rbb8 35. c7 Rc8 36. Qb6 a4 37. Rd3 Qe8 38. Rcd1 Kh7 39. Rd8 Qe7 40. R8d7 Qe5 41. Rd8 Qe7 42. Qd4 h5 43. Qd5 Kh6 44. g4 hxg4 45. fxg4 Qe3+ 46. Kh1 Ra5 47. Qxa5 Qf3+ 48. Kg1 Qe3+ 49. Kg2 Qe2+ 1/2-1/2

[Event "GER-chT U20"]
[Site "Kelbra"]
[Date "2006.12.29"]
[Round "6.2"]
[White "Lindenberg, Georg"]
[Black "Lohr, Matthias"]
[Result "1/2-1/2"]
[WhiteElo "2122"]
[BlackElo "2127"]
[PlyCount "81"]
[EventDate "2006.12.27"]
[EventType "team-swiss"]
[EventRounds "7"]
[EventCountry "GER"]
[SourceTitle "EXT 2008"]
[Source "ChessBase"]
[SourceDate "2007.11.25"]
[SourceVersion "1"]
[SourceVersionDate "2007.11.25"]
[SourceQuality "1"]
[WhiteTeam "Pang/Rosenheim U20"]
[BlackTeam "Mainz Schott U20"]
[WhiteTeamCountry "GER"]
[BlackTeamCountry "GER"]

1. e4 c5 2. Nf3 e6 3. d4 cxd4 4. Nxd4 Nf6 5. Bd3 Nc6 6. Nxc6 bxc6 7. 0-0 d5 8. e5 Nd7 9. Re1 Qb6 10. Qh5 g6 11. Qg5 Ba6 12. Bxa6 Qxa6 13. Nd2 Qb6 14. Nf3 Bg7 15. Qh4 h6 16. b3 a5 17. a4 Qb4 18. Qxb4 axb4 19. Bb2 c5 20. Nd2 d4 21. Nc4 Ra6 22. f4 Bf8 23. Kf2 Nb6 24. Nxb6 Rxb6 25. Ke2 Kd7 26. Kd3 Be7 27. Re2 Kc6 28. Kc4 Rb7 29. Rf1 Rd7 30. Rf3 h5 31. Bc1 Rhd8 32. Rd3 Rg8 33. Rf2 Rf8 34. Re2 Bd8 35. Bd2 Bc7 36. Re4 Rd5 37. g3 f6 38. exf6 Rxf6 39. Bc1 Rd7 40. Rd1 Rdf7 41. Rde1 1/2-1/2

[Event "Landesliga Sued 0506"]
[Site "Bayern"]
[Date "2006.03.12"]
[Round "8.8"]
[White "Duraku, Emin"]
[Black "Lindenberg, Georg"]
[Result "0-1"]
[WhiteElo "1925"]
[BlackElo "2056"]
[PlyCount "70"]
[EventDate "2005.10.23"]
[EventType "team-tourn"]
[EventRounds "9"]
[EventCountry "GER"]
[SourceTitle "EXT 2007"]
[Source "ChessBase"]
[SourceDate "2006.11.23"]
[SourceVersion "1"]
[SourceVersionDate "2006.11.23"]
[SourceQuality "1"]
[WhiteTeam "Ingolstadt"]
[BlackTeam "Pang/Rosenheim"]
[WhiteTeamCountry "GER"]
[BlackTeamCountry "GER"]

1. Nf3 c5 2. g3 Nc6 3. Bg2 Nf6 4. 0-0 g6 5. d3 Bg7 6. e4 d5 7. Nbd2 0-0 8. Re1 e5 9. exd5 Nxd5 10. Nc4 Re8 11. a4 b6 12. c3 Bb7 13. Ng5 Qd7 14. Qb3 h6 15. Ne4 Re6 16. a5 Nce7 17. axb6 axb6 18. Rxa8+ Bxa8 19. Qa2 Bb7 20. Nxb6 Rxb6 21. Nxc5 Qc7 22. Nxb7 Qxb7 23. Qa4 Qb8 24. d4 Kh7 25. c4 Nb4 26. Qd7 Bf8 27. c5 Ra6 28. d5 Ra7 29. Qh3 Nexd5 30. Be4 Nf6 31. Bb1 Qc7 32. Qh4 Nfd5 33. Bd2 Rb7 34. Re4 Na6 35. Rc4 Rxb2 0-1